[Event "Shenzhen Guangming"]
[Site "Shenzhen"]
[Date "2024.10.26"]
[Round "1"]
[White "Zhang, Di"]
[Black "Dai, Dongliang"]
[Result "1-0"]
[WhiteElo "2413"]
[BlackElo "1656"]
[PlyCount "43"]
[EventDate "2024.10.26"]
[EventType "swiss"]
[EventRounds "9"]
[EventCountry "CHN"]
[SourceTitle "CB45_2024"]
[Source "ChessBase"]
[SourceDate "2024.11.06"]
[SourceVersion "1"]
[SourceVersionDate "2024.11.06"]
[SourceQuality "1"]

1. e4 c5 2. Nf3 e6 3. c3 Nf6 4. e5 Nd5 5. g3 Nc6 6. Bg2 d6 7. exd6 Bxd6 8. d4 0-0 9. 0-0 Qc7 10. c4 Nf6 11. dxc5 Bxc5 12. Nc3 Rd8 13. Qe2 a6 14. Bf4 Bd6 15. Bg5 Be7 16. Rfd1 h6 17. Bf4 Bd6 18. Rxd6 Rxd6 19. c5 Nd4 20. Nxd4 Qxc5 21. Bxd6 Qxd6 22. Rd1 1-0